[Event "FIDE Open Sachove Univerzity QCC"]
[Site "Ceske Budejovice"]
[Date "2020.07.09"]
[Round "9.27"]
[White "Svadlenka, Dominik"]
[Black "Jodas, Daniel"]
[Result "1-0"]
[WhiteElo "1350"]
[BlackElo "1608"]
[Annotator "NA"]
[PlyCount "78"]
[EventDate "2020.07.01"]
[EventType "swiss"]
[EventCountry "CZE"]
[SourceTitle "playchess.com"]
[Source "ChessBase"]
[SourceQuality "1"]
[TimeControl "40/5400+30:1800+30"]

1. d4 {[%emt 0:00:00]} Nf6 {[%emt 0:00:00]} 2. c4 {[%emt 0:00:00]} g6 {[%emt 0:01:49]} 3. Nc3 {[%emt 0:00:29]} Bg7 {[%emt 0:00:25]} 4. e4 {[%emt 0:00:27]} d6 {[%emt 0:00:47]} 5. Nf3 {[%emt 0:00:44]} O-O {[%emt 0:00:43]} 6. Be2 {[%emt 0:00:32]} c5 {[%emt 0:09:08]} 7. d5 {[%emt 0:00:39]} Bg4 {[%emt 0:07:21]} 8. O-O {[%emt 0:02:12]} e6 {[%emt 0:09:49]} 9. Nd2 {[%emt 0:04:25]} Bxe2 {[%emt 0:00:17]} 10. Qxe2 {[%emt 0:00:12]} Re8 {[%emt 0:01:26]} 11. f4 {[%emt 0:01:14]} Nbd7 {[%emt 0:04:06]} 12. Nf3 {[%emt 0:01:19]} exd5 {[%emt 0:01:13]} 13. cxd5 {[%emt 0:00:32]} Nxe4 {[%emt 0:04:18]} 14. Nxe4 {[%emt 0:00:32]} f5 {[%emt 0:00:50]} 15. Nfg5 {[%emt 0:09:34]} fxe4 {[%emt 0:02:14]} 16. Ne6 {[%emt 0:01:41]} Qb6 {[%emt 0:11:26]} 17. f5 {[%emt 0:09:36]} Bd4+ {[%emt 0:03:58]} 18. Be3 {[%emt 0:08:59]} Bxe3+ {[%emt 0:17:55]} 19. Qxe3 {[%emt 0:01:35]} c4 {[%emt 0:05:37]} 20. Qxb6 {[%emt 0:02:25]} Nxb6 {[%emt 0:00:08]} 21. Nc7 {[%emt 0:00:39]} Rac8 {[%emt 0:00:24]} 22. Nxe8 {[%emt 0:00:23]} Rxe8 {[%emt 0:00:05]} 23. fxg6 {[%emt 0:00:47]} Nxd5 {[%emt 0:11:30]} 24. gxh7+ {[%emt 0:00:54]} Kxh7 {[%emt 0:00:09]} 25. Rfd1 {[%emt 0:00:36]} Re5 {[%emt 0:00:50]} 26. Rd4 {[%emt 0:13:50]} b5 {[%emt 0:02:54]} 27. a4 {[%emt 0:19:54]} e3 {[%emt 0:03:18]} 28. axb5 {[%emt 0:02:54]} e2 {[%emt 0:00:29]} 29. Re1 {[%emt 0:01:05]} Nb4 {[%emt 0:00:46]} 30. Rd2 {[%emt 0:00:51]} d5 {[%emt 0:00:33]} 31. Rdxe2 {[%emt 0:00:57]} Rxe2 {[%emt 0:00:00]} 32. Rxe2 {[%emt 0:01:32]} d4 {[%emt 0:01:01]} 33. Rd2 {[%emt 0:00:30]} d3 {[%emt 0:00:30]} 34. Kf2 {[%emt 0:01:18]} Nd5 {[%emt 0:01:01]} 35. Kf3 {[%emt 0:14:13]} Nc7 {[%emt 0:00:30]} 36. Ke4 {[%emt 0:00:30]} Nxb5 {[%emt 0:00:30]} 37. Kd5 {[%emt 0:00:30]} c3 {[%emt 0:00:30]} 38. bxc3 {[%emt 0:00:30]} Nxc3+ {[%emt 0:00:30]} 39. Kc4 {[%emt 0:00:30]} Na4 {[%emt 0:00:30]} 1-0

[Event "FIDE Open Sachove Univerzity QCC"]
[Site "Ceske Budejovice"]
[Date "2020.07.10"]
[Round "9.28"]
[White "Martirosyan, David"]
[Black "Dobsinsky, Petr"]
[Result "1-0"]
[WhiteElo "1560"]
[BlackElo "1248"]
[Annotator "NA RC"]
[PlyCount "81"]
[EventDate "2020.07.01"]
[EventType "swiss"]
[EventCountry "CZE"]
[TimeControl "40/5400+30:1800+30"]

1. e4 {[%emt 0:00:00]} c6 {[%emt 0:00:00]} 2. d4 {[%emt 0:00:00]} d5 {[%emt 0:00:00]} 3. e5 {[%emt 0:00:23]} Bf5 {[%emt 0:00:08]} 4. h4 {[%emt 0:00:39]} h6 {[%emt 0:00:39]} 5. g4 {[%emt 0:00:57]} Be6 {[%emt 0:01:49]} 6. Bd3 {[%emt 0:01:58]} Qd7 {[%emt 0:01:26]} 7. f3 {[%emt 0:02:28]} f5 {[%emt 0:01:41]} 8. exf6 {[%emt 0:03:49]} Nxf6 {[%emt 0:00:39]} 9. Bg6+ {[%emt 0:01:28]} Kd8 {[%emt 0:01:18]} 10. Bf4 {[%emt 0:03:04]} Bg8 {[%emt 0:02:36]} 11. Ne2 {[%emt 0:04:46]} e6 {[%emt 0:02:31]} 12. Nbc3 {[%emt 0:03:01]} Bh7 {[%emt 0:00:56]} 13. Bxh7 {[%emt 0:02:26]} Nxh7 {[%emt 0:00:26]} 14. Qd2 {[%emt 0:03:52]} Bb4 {[%emt 0:03:15]} 15. O-O-O {[%emt 0:05:20]} Rf8 {[%emt 0:03:27]} 16. Qd3 {[%emt 0:03:50]} Nf6 {[%emt 0:04:51]} 17. a3 {[%emt 0:02:41]} Bd6 {[%emt 0:01:12]} 18. Rhe1 {[%emt 0:04:49]} Bxf4+ {[%emt 0:00:57]} 19. Nxf4 {[%emt 0:00:31]} Re8 {[%emt 0:05:37]} 20. Re5 {[%emt 0:05:48]} c5 {[%emt 0:02:24]} 21. Rde1 {[%emt 0:12:22]} cxd4 {[%emt 0:02:04]} 22. Nb5 {[%emt 0:04:17]} a6 {[%emt 0:07:46]} 23. Nxd4 {[%emt 0:01:48]} Nc6 {[%emt 0:04:50]} 24. Nxc6+ {[%emt 0:03:14]} bxc6 {[%emt 0:00:13]} 25. Rxe6 {[%emt 0:02:25]} Kc7 {[%emt 0:00:46]} 26. g5 {[%emt 0:17:41]} hxg5 {[%emt 0:01:07]} 27. hxg5 {[%emt 0:00:13]} Nh5 {[%emt 0:00:18]} 28. Rxe8 {[%emt 0:04:15]} Rxe8 {[%emt 0:01:00]} 29. Rxe8 {[%emt 0:00:51]} Qxe8 {[%emt 0:00:23]} 30. Nxh5 {[%emt 0:00:27]} Qxh5 {[%emt 0:00:46]} 31. g6 {[%emt 0:01:04]} Qh1+ {[%emt 0:02:50]} 32. Kd2 {[%emt 0:00:33]} Qh2+ {[%emt 0:02:11]} 33. Kc3 {[%emt 0:00:22]} Qe5+ {[%emt 0:00:52]} 34. Qd4 {[%emt 0:01:18]} Qxd4+ {[%emt 0:02:58]} 35. Kxd4 {[%emt 0:00:04]} Kd6 {[%emt 0:00:37]} 36. c4 {[%emt 0:01:24]} c5+ {[%emt 0:00:55]} 37. Kd3 {[%emt 0:01:30]} a5 {[%emt 0:00:20]} 38. b3 {[%emt 0:01:58]} dxc4+ {[%emt 0:00:20]} 39. Kxc4 {[%emt 0:00:08]} Kc6 {[%emt 0:01:29]} 40. f4 {[%emt 0:00:36]} Kd6 {[%emt 0:01:10]} 41. Kb5 {[%emt 0:30:54]} 1-0

[Event "FIDE Open Sachove Univerzity QCC"]
[Site "Ceske Budejovice"]
[Date "2020.07.10"]
[Round "9.29"]
[White "Trcka, Bohdan"]
[Black "Krautschneider, Daniel Jan"]
[Result "1-0"]
[WhiteElo "1528"]
[BlackElo "1374"]
[Annotator "NA RC"]
[PlyCount "71"]
[EventDate "2020.07.01"]
[EventType "swiss"]
[EventCountry "CZE"]
[TimeControl "40/5400+30:1800+30"]

1. e4 {[%emt 0:00:00]} e5 {[%emt 0:02:09]} 2. Be2 {[%emt 0:00:00]} Nf6 {[%emt 0:00:21]} 3. d3 {[%emt 0:00:00]} Nc6 {[%emt 0:00:40]} 4. c3 {[%emt 0:00:00]} Bc5 {[%emt 0:01:51]} 5. b4 {[%emt 0:00:19]} Bb6 {[%emt 0:00:30]} 6. a4 {[%emt 0:00:30]} a6 {[%emt 0:00:30]} 7. g4 {[%emt 0:00:30]} d6 {[%emt 0:00:30]} 8. g5 {[%emt 0:00:30]} Nd7 {[%emt 0:01:11]} 9. h4 {[%emt 0:00:52]} f6 {[%emt 0:01:56]} 10. Nf3 {[%emt 0:01:03]} O-O {[%emt 0:00:30]} 11. Na3 {[%emt 0:00:30]} f5 {[%emt 0:00:49]} 12. Qb3+ {[%emt 0:00:36]} Kh8 {[%emt 0:01:43]} 13. Be3 {[%emt 0:00:38]} fxe4 {[%emt 0:02:02]} 14. dxe4 {[%emt 0:00:36]} Qe7 {[%emt 0:00:30]} 15. Nc4 {[%emt 0:00:30]} Bxe3 {[%emt 0:00:30]} 16. Nxe3 {[%emt 0:00:30]} Nb6 {[%emt 0:00:20]} 17. a5 {[%emt 0:02:57]} Be6 {[%emt 0:00:42]} 18. Nd5 {[%emt 0:01:10]} Qf7 {[%emt 0:03:51]} 19. axb6 {[%emt 0:00:20]} cxb6 {[%emt 0:00:37]} 20. O-O-O {[%emt 0:02:10]} Ne7 {[%emt 0:00:20]} 21. h5 {[%emt 0:00:59]} Bg4 {[%emt 0:01:36]} 22. g6 {[%emt 0:00:23]} Qg8 {[%emt 0:02:07]} 23. gxh7 {[%emt 0:01:00]} Qf7 {[%emt 0:00:16]} 24. Ng5 {[%emt 0:00:22]} Qxf2 {[%emt 0:01:11]} 25. Bxg4 {[%emt 0:03:15]} Nxd5 {[%emt 0:01:11]} 26. Qxd5 {[%emt 0:00:53]} Qf4+ {[%emt 0:01:36]} 27. Qd2 {[%emt 0:00:17]} Qxg4 {[%emt 0:00:10]} 28. Rdg1 {[%emt 0:00:47]} Qc8 {[%emt 0:00:16]} 29. Rg3 {[%emt 0:01:49]} Qd7 {[%emt 0:04:16]} 30. h6 {[%emt 0:00:20]} g6 {[%emt 0:01:49]} 31. Qd5 {[%emt 0:00:33]} Rac8 {[%emt 0:01:04]} 32. Qe6 {[%emt 0:00:41]} Qc7 {[%emt 0:00:45]} 33. Qxg6 {[%emt 0:00:21]} Rf2 {[%emt 0:03:01]} 34. Qg7+ {[%emt 0:00:49]} Qxg7 {[%emt 0:00:25]} 35. hxg7+ {[%emt 0:00:31]} Kxg7 {[%emt 0:00:30]} 36. Nh3+ {[%emt 0:00:05]} 1-0